| 000 | 00743nas a2200253 4500 | ||
|---|---|---|---|
| 001 | BR0800537 | ||
| 003 | BR-BrBNA | ||
| 005 | 20231205111509.0 | ||
| 007 | ta | ||
| 008 | 230509b bl.|||p| |||| 00| 00por d | ||
| 040 |
_aBR-BrBNA _bpor _cBiblioteca Nacional de Agricultura |
||
| 041 | _a(Pt) | ||
| 072 | _aF01 | ||
| 100 | 1 | _aCastro, C.E.F. de | |
| 100 | 1 | _aMay, A. | |
| 100 | 1 | _aGonçalves, C. | |
| 245 | 1 | _aEspécies de helicônia como flores de corte | |
| 650 | _aPLANTA ORNAMENTAL | ||
| 650 | _aFLOR PARA CORTE | ||
| 650 | _aCAMPINAS | ||
| 773 | 0 |
_tRevista Brasileira de Horticultura Ornamental (Brazil) _xISSN 1809-6093 _g(2006), v. 12(2) p. 87-96 _wBR0800537 |
|
| 909 |
_a202311 _bLúcia _c55 _dLúcia Elande |
||
| 942 |
_2AGRIS _n0 _cANA |
||
| 999 |
_c193050 _d193050 |
||